<?xml version="1.0" encoding="UTF-8"?>
<record
    xmlns:xsi="http://www.w3.org/2001/XMLSchema-instance"
    xsi:schemaLocation="http://www.loc.gov/MARC21/slim http://www.loc.gov/standards/marcxml/schema/MARC21slim.xsd"
    xmlns="http://www.loc.gov/MARC21/slim">

  <leader>00748nam a22002537a 4500</leader>
  <controlfield tag="003">OSt</controlfield>
  <controlfield tag="005">20131024020003.0</controlfield>
  <controlfield tag="008">110122s2010    xxu    g      000 0 eng d</controlfield>
  <datafield tag="020" ind1="1" ind2="0">
    <subfield code="a">0131008463</subfield>
  </datafield>
  <datafield tag="020" ind1="1" ind2="3">
    <subfield code="a">9780131008465</subfield>
  </datafield>
  <datafield tag="040" ind1=" " ind2=" ">
    <subfield code="a">IAVH</subfield>
    <subfield code="b">spa</subfield>
    <subfield code="c">IAVH</subfield>
  </datafield>
  <datafield tag="082" ind1="0" ind2="4">
    <subfield code="a">570.1</subfield>
    <subfield code="b">Z36b</subfield>
    <subfield code="2">21</subfield>
  </datafield>
  <datafield tag="100" ind1="1" ind2=" ">
    <subfield code="a">Zar Jerrold H.</subfield>
    <subfield code="9">91</subfield>
  </datafield>
  <datafield tag="245" ind1="1" ind2="0">
    <subfield code="a">Biostatistical analysis</subfield>
    <subfield code="c">Jerrold H. Zar</subfield>
  </datafield>
  <datafield tag="250" ind1=" " ind2=" ">
    <subfield code="a">5nd ed.</subfield>
  </datafield>
  <datafield tag="260" ind1=" " ind2=" ">
    <subfield code="a">New Jersey</subfield>
    <subfield code="b">Prentice Hall</subfield>
    <subfield code="c">2010</subfield>
  </datafield>
  <datafield tag="300" ind1=" " ind2=" ">
    <subfield code="a">xiii, 944 p.</subfield>
    <subfield code="b">il., gr&#xE1;ficas</subfield>
    <subfield code="c">24 cm.</subfield>
  </datafield>
  <datafield tag="504" ind1=" " ind2=" ">
    <subfield code="a">Incluye referencias bibliograficas e &#xED;ndice</subfield>
  </datafield>
  <datafield tag="650" ind1="1" ind2="7">
    <subfield code="a">Biolog&#xED;a</subfield>
    <subfield code="x">M&#xE9;todos estad&#xED;sticos</subfield>
    <subfield code="9">92</subfield>
  </datafield>
  <datafield tag="650" ind1="1" ind2="7">
    <subfield code="a">Biometr&#xED;a</subfield>
    <subfield code="9">93</subfield>
  </datafield>
  <datafield tag="650" ind1="1" ind2="7">
    <subfield code="a">Estad&#xED;stica</subfield>
    <subfield code="x">matem&#xE1;tica</subfield>
    <subfield code="9">94</subfield>
  </datafield>
  <datafield tag="650" ind1="1" ind2="7">
    <subfield code="a">Biomatem&#xE1;ticas</subfield>
    <subfield code="9">95</subfield>
  </datafield>
  <datafield tag="942" ind1=" " ind2=" ">
    <subfield code="2">ddc</subfield>
    <subfield code="c">IMPRESO</subfield>
    <subfield code="0">1</subfield>
  </datafield>
  <datafield tag="999" ind1=" " ind2=" ">
    <subfield code="c">7312</subfield>
    <subfield code="d">7312</subfield>
  </datafield>
  <datafield tag="952" ind1=" " ind2=" ">
    <subfield code="0">0</subfield>
    <subfield code="1">0</subfield>
    <subfield code="2">ddc</subfield>
    <subfield code="4">0</subfield>
    <subfield code="7">0</subfield>
    <subfield code="8">GENERAL</subfield>
    <subfield code="I">INV2017</subfield>
    <subfield code="a">Bogota</subfield>
    <subfield code="b">Bogota</subfield>
    <subfield code="d">2013-06-18</subfield>
    <subfield code="e">Instituto</subfield>
    <subfield code="g">39000.00</subfield>
    <subfield code="l">2</subfield>
    <subfield code="m">1</subfield>
    <subfield code="o">LB570.1 Z36b</subfield>
    <subfield code="p">029651</subfield>
    <subfield code="r">2015-10-28 00:00:00</subfield>
    <subfield code="s">2013-10-23</subfield>
    <subfield code="t">Ej. 5</subfield>
    <subfield code="w">2013-06-18</subfield>
    <subfield code="y">LIBRO</subfield>
  </datafield>
</record>
